Las lenguas sagradas
Gespeichert in:
| Hauptverfasser: | , , |
|---|---|
| Format: | Buch |
| Sprache: | Spanisch |
| Veröffentlicht: |
Andorra la Vieja
Casal i Vall
1959
|
| Schriftenreihe: | Yo Sé-Yo Creo, la Enciclopedia del Católico en el Siglo XX, 115
|
| Schlagworte: | |
| Tags: |
Tag hinzufügen
Keine Tags, Fügen Sie den ersten Tag hinzu!
|
MARC
| LEADER | 00000nam a2200000 a 4500 | ||
|---|---|---|---|
| 001 | UCL5141 | ||
| 003 | CL-VaPUC | ||
| 008 | 040305e19590000AN |||||||||||||||||spa|d | ||
| 082 | 0 | 4 | |a 492.2 |b AUV |2 21 |
| 100 | 0 | |a Auvray, Paul |e author |9 482831 | |
| 700 | 0 | |a Poulain, Pierre |e author |9 482832 | |
| 700 | 0 | |a Blaise, Albert |e author |9 482833 | |
| 245 | 1 | 4 | |a Las lenguas sagradas |
| 300 | |a 154 p | ||
| 942 | |c BK | ||
| 945 | |d 20040305 00:00:00 |a vberengu | ||
| 260 | |a Andorra la Vieja |b Casal i Vall |c 1959 | ||
| 600 | 0 | 7 | |a AUVRAY, PAUL |2 CL-VaPUC |9 482834 |
| 650 | 7 | |a LENGUAS BIBLICAS |2 CL-VaPUC |9 482835 | |
| 583 | |a last modification |c 20040305 00:00:00 |k Rodrigo Vera | ||
| 490 | 0 | |a Yo Sé-Yo Creo, la Enciclopedia del Católico en el Siglo XX, 115 | |
| 999 | |c 307809 |d 307807 | ||
| 952 | |0 0 |1 0 |4 0 |6 492_200000000000000_AUV_1959 |7 0 |8 A |9 373935 |a BIBTEO |b BIBTEO |d 2019-11-21 |i 2104474 |o 492.2 AUV 1959 |p 2104474 |r 2025-01-17 |w 2019-11-21 |y BK |k ICR | ||
| 952 | |0 0 |1 0 |4 0 |6 492_200000000000000_AUV_1959 |7 0 |8 A |9 373936 |a BIBTEO |b BIBTEO |d 2019-11-21 |i 2104482 |o 492.2 AUV 1959 |p 2104482 |r 2025-01-17 |w 2019-11-21 |y BK |k ICR | ||